| 000 | 00596nam a22001697a 4500 | ||
|---|---|---|---|
| 003 | JO-AjAnu | ||
| 005 | 20231211115537.0 | ||
| 008 | 231211b jo ||||| |||| 00| 0 ara d | ||
| 040 |
_bara _cJO-AjAnu _dANU |
||
| 100 |
_aالسويدي، سيف سعيد _964946 _eمؤلف |
||
| 245 |
_aمدخل لأسس الاقتصاد / _cتأليف سيف سعيد السويدي |
||
| 260 |
_aالدوحة : _bالمؤلف، _c2002 |
||
| 300 | _a352 صفحه | ||
| 500 | _aيحتوي هذا الكتاب على جداول ورسوم بيانية | ||
| 650 | _vعلم الاقتصاد | ||
| 942 |
_2lcc _cBK _n0 |
||
| 999 |
_c33283 _d33283 |
||